000 00505nam a2200193Ia 4500
005 20260602134837.0
008 131103s9999 xx 000 0 und d
040 _aLoreto College
041 _aEnglish
082 _a840.9
_bTHO
100 _aThoraval, Jean
245 _aLes grandes etapes de la civilisation francaise
_cJean Thoraval and others
260 _aParis
_bBordas
_c1967
300 _a693p.
504 _aIncludes Index
650 _aFrench LItreature
850 _aLCLIB
942 _cBK
999 _c24442
_d74921